000
00307nam a2200121Ia 4500
008
190216s9999||||xx |||||||||||||| ||und||
100
_a
Dale Carnegie
245
0
_a
Public Speaking And Influencing Men In Business
260
_b
Sulthan Chand&Sons
_c
1937
300
_a
414p
650
_a
Commerce
942
_c
BK
999
_c
5533
_d
5533